00525nam a2200169Ia 45000030006000000080041000060400015000471000018000622450034000802600060001143000006001745460012001809420012001929990017002040050017002219520117002380STCL150530s9999 xx 000 0 und d aSTCLcSTCL aDudley, R. M. aReal Analysis and Probability bCambridge universitry press; Cambridgec2002aCambridge a0 aEnglish 2ddccBK c25272d2527220220125170030.0 00102ddc4070aSTCALbSTCALcGENd2015-05-30g0.00l0o519.2 DUD-Rp81782r2015-05-30 00:00:00w2015-05-30yBK